Implementing projects / (Record no. 3339)

000 -LEADER
fixed length control field nam a22 a 4500
003 - CONTROL NUMBER IDENTIFIER
control field AKMAL
005 - DATE AND TIME OF LATEST TRANSACTION
control field 20170522120158.0
008 - FIXED-LENGTH DATA ELEMENTS--GENERAL INFORMATION
fixed length control field 170522s1994 my 00 eng d
020 ## - INTERNATIONAL STANDARD BOOK NUMBER
International Standard Book Number 9679784789 (pbk.):
Terms of availability RM 19.90
040 ## - CATALOGING SOURCE
Original cataloging agency AKMAL
082 04 - DEWEY DECIMAL CLASSIFICATION NUMBER
Classification number 658.404 YOU
090 00 - LOCALLY ASSIGNED LC-TYPE CALL NUMBER (OCLC); LOCAL CALL NUMBER (RLIN)
Classification number (OCLC) (R) ; Classification number, CALL (RLIN) (NR) 658.404
Local cutter number (OCLC) ; Book number/undivided call number, CALL (RLIN) YOU
100 1# - MAIN ENTRY--PERSONAL NAME
Personal name Young, Trevor L.
9 (RLIN) 6748
245 10 - TITLE STATEMENT
Title Implementing projects /
Statement of responsibility, etc. Trevor L. Young
260 ## - PUBLICATION, DISTRIBUTION, ETC.
Place of publication, distribution, etc. Kuala Lumpur :
Name of publisher, distributor, etc. Pelanduk Publications,
Date of publication, distribution, etc. 1996
300 00 - PHYSICAL DESCRIPTION
Extent 148p. ;
Dimensions 22cm
504 ## - BIBLIOGRAPHY, ETC. NOTE
Bibliography, etc. note Bibliography: p. 147-148
650 #0 - SUBJECT ADDED ENTRY--TOPICAL TERM
Topical term or geographic name entry element Industrial project management
9 (RLIN) 3672
650 #0 - SUBJECT ADDED ENTRY--TOPICAL TERM
Topical term or geographic name entry element Planning
9 (RLIN) 1459
650 #0 - SUBJECT ADDED ENTRY--TOPICAL TERM
Topical term or geographic name entry element Management
9 (RLIN) 1462
942 ## - ADDED ENTRY ELEMENTS (KOHA)
Source of classification or shelving scheme
Koha item type Book
Holdings
Withdrawn status Lost status Source of classification or shelving scheme Damaged status Not for loan Collection code Home library Current library Shelving location Date acquired Inventory number Total Checkouts Full call number Barcode Date last seen Price effective from Koha item type
          NON-FICTION AKMAL Melaka AKMAL Melaka PINJAMAN 22.05.2017 001569   658.404 YOU 201704322 22.05.2017 22.05.2017 Book
          NON-FICTION AKMAL Melaka AKMAL Melaka PINJAMAN 22.05.2017 001580   658.404 YOU 201704323 22.05.2017 22.05.2017 Book
          NON-FICTION AKMAL Melaka AKMAL Melaka PINJAMAN 22.05.2017 001568   658.404 YOU 201704324 22.05.2017 22.05.2017 Book
          NON-FICTION AKMAL Melaka AKMAL Melaka PINJAMAN 22.05.2017 001570   658.404 YOU 201704325 22.05.2017 22.05.2017 Book
          NON-FICTION AKMAL Melaka AKMAL Melaka PINJAMAN 22.05.2017 001572   658.404 YOU 201704328 22.05.2017 22.05.2017 Book
          NON-FICTION AKMAL Melaka AKMAL Melaka PINJAMAN 22.05.2017 001576   658.404 YOU 201704331 22.05.2017 22.05.2017 Book
          NON-FICTION AKMAL Melaka AKMAL Melaka PINJAMAN 22.05.2017 001578   658.404 YOU 201704330 22.05.2017 22.05.2017 Book
          NON-FICTION AKMAL Melaka AKMAL Melaka PINJAMAN 22.05.2017 001571   658.404 YOU 201704329 22.05.2017 22.05.2017 Book
          NON-FICTION AKMAL Melaka AKMAL Melaka PINJAMAN 22.05.2017 001565   658.404 YOU 201704327 22.05.2017 22.05.2017 Book
          NON-FICTION AKMAL Melaka AKMAL Melaka PINJAMAN 22.05.2017 001579   658.404 YOU 201704326 22.05.2017 22.05.2017 Book
Pusat Sumber Maklumat Dato' Haji Sarmin Md Hussin, Akademi Kastam Diraja Malaysia, Melaka
Tel: 06-2331106 | Faks: 06-2313787